ՀՀ Գիտությունների ազգային ակադեմիայի հիմնարար գիտական գրադարան  =   Fundamental Scientific Library of NAS RA
Normal view MARC view

Entry Personal Name

Number of records used in: 2

001 - CONTROL NUMBER

  • control field: 6570

003 - CONTROL NUMBER IDENTIFIER

  • control field: AM-YEHGA

005 - DATE AND TIME OF LATEST TRANSACTION

  • control field: 20250617070508.0

008 - FIXED-LENGTH DATA ELEMENTS

  • fixed length control field: 150610|| aca||aabn | a|a d

040 ## - CATALOGING SOURCE

  • Original cataloging agency: AM-YEHGA

100 1# - HEADING--PERSONAL NAME

  • Personal name: Թորոսյան, Սերգեյ Արսենի,
  • Dates associated with a name: 1929-1970

400 1# - SEE FROM TRACING--PERSONAL NAME

  • Personal name: Торосян, Сергей,
  • Dates associated with a name: 1929-1970

400 1# - SEE FROM TRACING--PERSONAL NAME

  • Personal name: Torosyan, Sergey,
  • Dates associated with a name: 1929-1970

670 ## - SOURCE DATA FOUND

  • Source citation: Ով ով է. հայեր: Կենսագրական հանրագիտարան, հտ. 1, 2005.
  • Information found: էջ 446 (Թորոսյան Սերգեյ Արսենի (1929, Լենինական - 1970, Երևան), նյարդաբան)։


ՀՀ ԳԱԱ հիմնարար գիտական գրադարան
ՀՀ,Երևան 0019
Մարշալ Բաղրամյան 24/6
հեռախոս:(374-10) 52-47-50
Հետադարձ կապ

All site content, except where otherwise noted, is licensed under a
Creative Commons License